000 01072cac a22003255a 4500
003 EG-ScBUE
005 20250311095341.0
008 090607t2007 gw a f b 001 0 eng d
020 _a9783540256458 (acid-free paper)
020 _a9783540256458
035 _a(CStRLIN)NYUGB13512092-B
040 _aEG-ScBUE
_beng
_erda
_cEG-ScBUE
_dEG-ScBUE
082 0 4 _a530.12
_bSCH
_222
100 1 _aScheck, Florian,
_eauthor.
_95804
245 1 0 _aQuantum physics /
_cFlorian Scheck.
264 1 _aHeidelberg :
_bSpringer,
_c[2007]
264 4 _cc2007
300 _axv, 738 pages :
_billustrations ;
_c25 cm
336 _2rdacontent
_atext
_btxt
337 _aunmediated
_2rdamedia
_bn
338 _avolume
_bnc
_2rdacarrier
504 _aIncludes bibliographical references and index.
590 _aDoha Ragab
650 7 _aQuantum theory
_vTextbooks.
_95805
_2BUEsh
651 _2BUEsh
653 _bENGGEN
_cAugust2015
655 _vReading book
_934232
856 4 1 _3Table of contents
_uhttp://www.loc.gov/catdir/toc/fy0802/2007921674.html
942 _cBB
_2ddc
999 _c8128
_d8128